Governmental reforms in Old Kingdom Egypt /

محفوظ في:

المؤلف الرئيسي: Kanawati, Naguib (مؤلف)

التنسيق: كتاب

اللغة: English

منشور في: Warminster, Eng. : Aris and Phillips, c1980.

سلاسل: Modern Egyptology series.

الموضوعات:

الوسوم: إضافة وسم

لا توجد وسوم, كن أول من يضع وسما على هذه التسجيلة!

رقم الطلب: DT85 .K345 1980

LEADER 00819nam a22002657a 4500
003 OSt
005 20260210132913.0
008 260210t1980 enka b 001 0 eng d
015 |a GB*** 
020 |a 0856681687 
035 |a (OCoLC)07115635 
035 |a 365305 
040 |c ARCE Library 
043 |a f-ua--- 
050 1 4 |a DT85  |b .K345 1980 
100 1 |a Kanawati, Naguib,  |e author  |9 33569 
245 1 0 |a Governmental reforms in Old Kingdom Egypt /   |c Naguib Kanawati. 
264 1 |a Warminster, Eng. :  |b Aris and Phillips,  |c c1980. 
300 |a ix, 163 pages :  |b illustrations ;  |c 21 cm. 
490 0 |a Modern Egyptology series. 
504 |a Includes bibliographical references (pages 148-153) and index. 
651 0 |a Egypt  |x Politics and government  |y To 332 B.C. 
901 |a reviewed 
942 |c BK  |2 lcc 
999 |c 5884  |d 5884